000 00606nam a22001577a 4500
003 OSt
005 20151202133633.0
008 151202b xxu||||| |||| 00| 0 eng d
040 _cRUA
082 _aFIS PEN 2001 B173 Or.1
100 _94131
_aPEN, THANN.
245 _aEffects of different hormones in seed production of trichogaster pectoralis, ប្រសិទ្ធភាពនៃអ័រម៉ូនផ្សេងគ្នាក្នុង​ការផលិតកូនត្រីកន្ធរពូជ
260 _aPhnom Penh
_bRUA
_c2001
300 _a31p.
_bill.
_c29cm.
942 _2ddc
_cFIS
999 _c3844
_d3844